Liste des maires de Rennes - Statistiques

Statistiques générales
  • Ce quiz a été pris 19 fois
  • Le résultat moyen est 5 sur 24
Statistiques - réponses
Hint Réponse % Correct
2014- Nathalie Appéré
94%
1977-2008 Edmond Hervé
75%
1953-1977 Henri Fréville
50%
2008-2014 Daniel Delaveau
31%
1908-1923 Jean Janvier
31%
1871 Edgar le Bastard
19%
1880-1889 Edgar le Bastard
19%
1890-1892 Edgar le Bastard
19%
1935-1944 François Château
13%
1870-1871 Théophile Bidard de la Noé
13%
1944-1947 Yves Milon
13%
1947-1953 Yves Milon
13%
1923-1925 Alfred Daniel
6%
1889 Alphonse Pujet
6%
1889-1890 Aristide Bébin
6%
1897-1900 Auguste Lajat
6%
1896-1897 Auguste Poulin
6%
1925-1929 Carle Bahon
6%
1900-1908 Eugène Pinault
6%
1947 Eugene Quessot
6%
1929-1935 Jean Lemaistre
6%
1871-1879 Pierre Marie Martin
6%
1944 René Patay
6%
1892-1896 Vincent Morcel
6%
Aucun quiz correspondant
Distribution des résultats
% des personnes avec chaque résultat
Percentile par nombre de réponses
Votre historique - résultats
Vous n’avez pas pris ce quiz